000
00453nam a2200133Ia 4500
008
100328s9999 xx 000 0 und d
082
_b
20534
100
_a
प्रियोळकर अनंत काकबा
245
_a
दमयंती स्वयंवर
260
_b
प्रियोळकर अ.का.
630
_a
दमयंती स्वयंवर
730
_a
दमयंती स्वयंवर
942
_c
BOOK
999
_c
514655
_d
514652